The noble scholar, jurist, historian


 His Excellency Dr. Abdul Wahhab bin Ibrahim Abu Sulaiman, may Allah have mercy on him.


 He was born in Umm Al-Qura in the year 1356 AH.

آداب الفلاسفة / (Record no. 12186)

MARC details
000 -LEADER
fixed length control field 02311cam a2200445 i 4500
003 - CONTROL NUMBER IDENTIFIER
control field SA-RiAUC
005 - DATE AND TIME OF LATEST TRANSACTION
control field 20250929112540.0
008 - FIXED-LENGTH DATA ELEMENTS--GENERAL INFORMATION
fixed length control field 250924s1985 ku g b i001 0 ara c
024 0# - OTHER STANDARD IDENTIFIER
Standard number or code 00000000006201
040 ## - CATALOGING SOURCE
Original cataloging agency IQ-KaIHL
Language of cataloging ara
Transcribing agency SA-RiAUC
Modifying agency AE-Fuphi
Description conventions rda
050 #4 - LIBRARY OF CONGRESS CALL NUMBER
Item number H8 1985
082 04 - DEWEY DECIMAL CLASSIFICATION NUMBER
Classification number 182
Assigning agency SA-RiAUC
090 ## - LOCALLY ASSIGNED LC-TYPE CALL NUMBER (OCLC); LOCAL CALL NUMBER (RLIN)
Classification number (OCLC) (R) ; Classification number, CALL (RLIN) (NR) 182
Local cutter number (OCLC) ; Book number/undivided call number, CALL (RLIN) ح ن ي
100 0# - MAIN ENTRY--PERSONAL NAME
Personal name حنين بن إسحاق العبادي،
Dates associated with a name 194-260 هجري
Relator term مؤلف.
245 10 - TITLE STATEMENT
Title آداب الفلاسفة /
Statement of responsibility, etc. حنين بن إسحاق ؛ اختصره محمد بن علي بن إبراهيم بن أحمد بن محمد الأنصاري ؛ حققه وقدم له وعلق عليه عبد الرحمن بدوي.
246 31 - VARYING FORM OF TITLE
Title proper/short title Âdâb al-falâsifa
246 31 - VARYING FORM OF TITLE
Title proper/short title Sentences des philosophes
250 ## - EDITION STATEMENT
Edition statement الطبعة الأولى.
264 #1 - PRODUCTION, PUBLICATION, DISTRIBUTION, MANUFACTURE, AND COPYRIGHT NOTICE
Place of production, publication, distribution, manufacture الصفاة، الكويت :
Name of producer, publisher, distributor, manufacturer المنظمة العربية للتربية والثقافة والعلوم، منشورات معهد المخطوطات العربية،
Date of production, publication, distribution, manufacture, or copyright notice 1985
300 ## - PHYSICAL DESCRIPTION
Extent 171 صفحة ؛
Dimensions 24 سم.
336 ## - CONTENT TYPE
Content type term نص
Content type code txt
Source rdacontent
Materials specified كتاب
337 ## - MEDIA TYPE
Media type term بدون وسيط
Media type code n
Source rdamedia
338 ## - CARRIER TYPE
Carrier type term مجلد
Carrier type code nc
Source rdacarrier
490 1# - SERIES STATEMENT
Series statement سلسلة كتب التراث / المنظمة العربية للتربية والثقافة والعلوم (الكويت) ؛
Volume/sequential designation 5
500 ## - GENERAL NOTE
General note كشاف : صفحة 165-169.
500 ## - GENERAL NOTE
General note يشتمل على كشاف.
504 ## - BIBLIOGRAPHY, ETC. NOTE
Bibliography, etc. note يشتمل على إرجاعات ببليوجرافية.
590 ## - LOCAL NOTE (RLIN)
Local note Catalogued by : Sara.
650 #7 - SUBJECT ADDED ENTRY--TOPICAL TERM
Topical term or geographic name entry element الفلسفة اليونانية
Source of heading or term aucsh
650 #7 - SUBJECT ADDED ENTRY--TOPICAL TERM
Topical term or geographic name entry element الفلاسفة
Form subdivision تراجم
Source of heading or term aucsh
650 #7 - SUBJECT ADDED ENTRY--TOPICAL TERM
Topical term or geographic name entry element الحكم والمأثورات
Source of heading or term aucsh
650 #7 - SUBJECT ADDED ENTRY--TOPICAL TERM
Topical term or geographic name entry element الفلاسفة اليونانيون
Form subdivision تراجم
Source of heading or term aucsh
700 1# - ADDED ENTRY--PERSONAL NAME
Personal name الأنصاري، محمد بن علي بن إبراهيم
Relator term مختصر.
700 1# - ADDED ENTRY--PERSONAL NAME
Personal name بدوي، عبد الرحمن،
Dates associated with a name 1917-2002
Relator term محقق.
700 02 - ADDED ENTRY--PERSONAL NAME
Relationship information تحقيق لـ :
Personal name حنين بن إسحاق العبادي،
Dates associated with a name 194-260 هجري.
Title of a work آداب الفلاسفة
830 #0 - SERIES ADDED ENTRY--UNIFORM TITLE
Uniform title سلسلة كتب التراث / المنظمة العربية للتربية والثقافة والعلوم (الكويت)
Volume/sequential designation 5
942 ## - ADDED ENTRY ELEMENTS (KOHA)
Source of classification or shelving scheme Dewey Decimal Classification
Koha item type Books
Suppress in OPAC No
949 ## - LOCAL PROCESSING INFORMATION (OCLC)
a SA-JeALM
d 250924
u mohamedma123
n 1
Holdings
Withdrawn status Lost status Source of classification or shelving scheme Damaged status Not for loan Home library Current library Date acquired Total checkouts Full call number Barcode Date last seen Price effective from Koha item type
    Dewey Decimal Classification     DR AbdElwahab Library DR AbdElwahab Library 09/29/2025   182 ح ن ي 000019652 09/29/2025 09/29/2025 Books